000 00455nam a22001697a 4500
003 SISC
005 20160317075923.0
008 130829t xxu||||| |||| 00| 0 eng d
020 _a0534039278
050 _aMT 50
_b.T736 1985
082 _aHS 781.3
_bTo64 1985
245 _aFunctional harmony
_cWilliam Tontant.
260 _aBelmont,CA :
_b Wadsworth Pub., Co.,
_cc1985.
300 _a433 p. :
_bill. ;
_c23 cm.
942 _2lcc
_cBK
999 _c9868
_d9868